000 00553nam a2200205 a 4500
003 DO-SdBNP
005 20211018152444.0
007 ta
008 211018e2017 dr ||||er|||| 001 edspa d
020 _a9789945168051
040 _aDO-SdBNP
_bspa
_cBNPHU
082 4 _222
_bT693p
100 1 _980023
_aPenchi, Israel Torres
245 1 3 _aEl parquecito de los cuatro bancos /
_bIsrael Torres Penchi
250 _a2a. ed.
260 _aSanto Domingo :
_bBúho,
_c2017
300 _a90 p. ;
_b22 cm.
590 _aInventariado 2021 / MF
942 _2ddc
_cLBS1
999 _c50766
_d50766